LIBRARY & INFORMATION CENTRE, KCAET, TAVANUR

ONLINE PUBLIC ACCESS CATALOGUE (OPAC)

Milk Processing Technology (Record no. 14275)

MARC details
000 -LEADER
fixed length control field 00302nam a22001217a 4500
020 ## - INTERNATIONAL STANDARD BOOK NUMBER
ISBN 9789350562833
082 ## - DEWEY DECIMAL CLASSIFICATION NUMBER
Classification number 637.1
Item number SWA/MI
100 ## - MAIN ENTRY--AUTHOR NAME
Personal name Swarup,Abha
245 ## - TITLE STATEMENT
Title Milk Processing Technology
260 ## - PUBLICATION, DISTRIBUTION, ETC. (IMPRINT)
Place of publication New Del0hi
Name of publisher 0Discovery Publishing House Pvt. Ltd0
Year of publication 2013
300 ## - PHYSICAL DESCRIPTION
Number of Pages 317
942 ## - ADDED ENTRY ELEMENTS (KOHA)
Koha item type Books
Holdings
Withdrawn status Lost status Damaged status Collection code Home library Current library Shelving location Date acquired Source of acquisition Cost, normal purchase price Full call number Accession Number Koha item type
        KAUAET KAUAET General Stacks 10/06/2016 Cosmo Book House, Calicut 1700.00 637.1 SWA/MI 24340 Books
free website counter